000
00249nam a2200097Ia 4500
008
230524s9999 xx 000 0 und d
245
0
_a
Orissa Service Code (Compilation)
500
_a
Quantity Number: 1
650
_a
Miscellaneous
_9
1877
942
_c
BK
999
_c
51163
_d
51163